000 00474nam a2200181Ia 4500
005 20250326143147.0
008 250326s9999 xx 000 0 und d
037 _aTextbook
040 _aFMSL
_beng
_cFMSL
041 _aeng
_2eng
084 _aX.42 P2
_qFMSL
100 _aMaswood S
_9747261
245 0 _aJapan in Crisis
_cMaswood S
260 _aNew York
_bNew York, Palgrave
_c2002
300 _a179p
942 _cTB
_hX.42 P2
999 _c1298378
_d1298378